| 000 | 00906nam a2200289Ia 4500 | ||
|---|---|---|---|
| 001 | dia_2802 | ||
| 003 | CHAP | ||
| 005 | 20230508111148.0 | ||
| 008 | 220117s1964 xx 000 0 und d | ||
| 010 | _a173302 | ||
| 040 | _cCHAP | ||
| 082 | _a664.15 R65 1964 | ||
| 100 |
_aRollin, Edmundo _999453 |
||
| 245 |
_aElaboración de chocolate y bombones : estudio del cacao y examen de sus distintas calidades, elaboración del cacao en polvo y la manteca de cacao / _c Edmundo Rollín |
||
| 250 | _a2a ed. | ||
| 260 |
_aEspaña : _b Sintes, _c1964 |
||
| 300 | _a151 p. | ||
| 440 |
_aSelecta enciclopedia práctica ; 46 _9153525 |
||
| 503 | _aD | ||
| 590 | _aTP640 R65 1964 | ||
| 650 |
_aCocoa _924278 |
||
| 650 |
_aIndustria del chocolate _9153526 |
||
| 901 | _a664.15 R65 1964 | ||
| 902 | _aM | ||
| 905 | _a5232271964 sp a 8222223322spa16 | ||
| 942 |
_cLIBRO _2ddc |
||
| 999 |
_c173302 _d173302 |
||